| 000 | 01888nam2a2200313 4500 | ||
|---|---|---|---|
| 001 | RU\NLR\bibl\1941121 | ||
| 005 | 20260405163726.0 | ||
| 010 |
_a978-5-91833-031-9 _9500 |
||
| 021 |
_aRU _b2012-59570 _94370 |
||
| 035 | _a(NLR Aleph) 001930394 | ||
| 090 |
_a3427742 _c3427742 |
||
| 100 | _a20120904d2011 |||y0rusy50 ca | ||
| 101 | 0 | _arus | |
| 102 | _aRU | ||
| 105 | _aa ||||||||| | ||
| 200 | 1 |
_aМашины и орудия для обработки почвы, посева, посадки сельскохозяйственных растений и ухода за ними _hч. 1 _fИ.А. Долгов |
|
| 210 |
_d2011 _aБ. м. |
||
| 215 |
_a243 с. _cил. |
||
| 300 | _aВ вып. дан. авт.: Долгов И.А. акад. | ||
| 300 | _aНа обл. авт. не указан | ||
| 461 | 0 |
_1001RU\NLR\bibl\1943459 _12001#$aСельскохозяйственные машины$vТ. 3, кн. 1 _93457767 _cЗерноград _d2011 _fМ-во сел. хоз-ва Рос. Федерации, Деп. науч.-технол. политики и образования, Федер. гос. бюджет. образоват. учреждение высш. проф. образования "Азово-Черномор. гос. агроинж. акад." _nФГБОУ ВПО АЧГАА _oтеория, расчет, конструкция, использование : [сборник] _tСельскохозяйственные машины _vТ. 3, кн. 1 |
|
| 606 | 1 |
_aПочвообрабатывающие машины и орудия _91170709 _3RU\NLR\auth\66152026 |
|
| 686 | _aП072.2 | ||
| 701 | 1 |
_4070 _8rus _7ca _aДолгов _bИ. А. _f1930- _gИгорь Асонович _3RU\NLR\auth\7769823 _952751 |
|
| 801 | 0 |
_aRU _bNLR _c20120904 _gRCR |
|
| 801 | 1 |
_aRU _bNLR _c20120904 |
|
| 942 | _cBOOK | ||
| 980 | _aNB | ||